[Event "1. liga V 18/19, Rychnov-Kromeriz"]
[Site ""]
[Date "2018.11.11"]
[Round "2.5"]
[White "Novotny, Josef"]
[Black "Mudrak, Josef"]
[Result "0-1"]
[WhiteElo "2016"]
[BlackElo "2261"]
[PlyCount "0"]
[WhiteTeam "Panda Rychnov n. K."]
[BlackTeam "Slavia Kromeriz"]
[EventDate "2018.10.21"]

1. e3 c5 2. d3 Nc6 3. Nf3 d5 4. Nc3 Nf6 5. g3 e5 6. Bg2 Be6 7. h3 h6 8. a3 Qd7
9. Qe2 O-O-O 10. Bd2 g5 11. g4 Bd6 12. b4 Rhe8 13. bxc5 Bxc5 14. Na4 Bd6 15.
O-O Nxg4 16. Rfc1 Nf6 17. Qf1 e4 18. Ne1 g4 19. hxg4 Nxg4 20. f3 Nh2 21. Qf2
exf3 22. Nxf3 Nxf3+ 23. Bxf3 Rg8+ 24. Kf1 Bh3+ 25. Ke2 Bg3 26. Qg1 Be5 27. Qh1
Bxa1 28. Nc5 Qf5 29. Rxa1 Rg3 30. Rg1 Rxg1 31. Qxg1 Ne5 0-1

[Event "1. liga V 18/19, Rychnov-Kromeriz"]
[Site ""]
[Date "2018.11.11"]
[Round "2.6"]
[White "Kapusta, Petr"]
[Black "Pavlicek, Miroslav"]
[Result "1-0"]
[WhiteElo "2238"]
[BlackElo "1960"]
[PlyCount "0"]
[WhiteTeam "Slavia Kromeriz"]
[BlackTeam "Panda Rychnov n. K."]
[EventDate "2018.10.21"]

1. e4 Nf6 2. e5 Nd5 3. d4 d6 4. c4 Nb6 5. exd6 exd6 6. Nc3 Be7 7. Be2 O-O 8.
Be3 Nc6 9. Rc1 Bf6 10. Nf3 Bg4 11. b3 d5 12. c5 Nc8 13. h3 Bxf3 14. Bxf3 N8e7
15. O-O Re8 16. a3 Nf5 17. Nxd5 Ncxd4 18. Rc4 Nc6 19. Rf4 Nxe3 20. Nxf6+ Qxf6
21. fxe3 Qc3 22. Bxc6 Qxe3+ 23. Kh1 bxc6 24. Rxf7 Qxc5 25. Qg4 Qc3 26. Rxc7
Rad8 27. Rxa7 Re1 28. Qxg7+ Qxg7 29. Rxg7+ Kxg7 30. Rxe1 Rd3 31. Rb1 Kf6 32. a4
Ke5 33. b4 Ra3 34. b5 Rxa4 35. bxc6 Rc4 36. Rb7 h6 37. c7 Kf4 38. Rb4 1-0

[Event "1. liga V 18/19, Rychnov-Kromeriz"]
[Site ""]
[Date "2018.11.11"]
[Round "2.7"]
[White "Zikmund, Jaroslav"]
[Black "Karlik, Vladimir"]
[Result "0-1"]
[WhiteElo "1828"]
[BlackElo "2153"]
[PlyCount "0"]
[WhiteTeam "Panda Rychnov n. K."]
[BlackTeam "Slavia Kromeriz"]
[EventDate "2018.10.21"]

1. d4 Nf6 2. c4 d6 3. Nc3 g6 4. Nf3 Bg7 5. g3 O-O 6. Bg2 c6 7. O-O Bf5 8. Re1
Ne4 9. Nxe4 Bxe4 10. Nh4 Bxg2 11. Nxg2 Nd7 12. e4 c5 13. Be3 Qc7 14. b3 Nf6 15.
f3 a6 16. Qd3 Nd7 17. Rad1 b5 18. Nf4 bxc4 19. Qxc4 Rfc8 20. Rc1 Qd8 21. Qd3
cxd4 22. Bxd4 e5 23. Rxc8 Rxc8 24. Qxa6 exf4 25. Bxg7 Kxg7 26. Qxd6 fxg3 27.
hxg3 Qb6+ 28. Qxb6 Nxb6 29. Re2 Rc3 30. Kf2 Kf6 31. f4 h5 32. Re3 Rc1 33. Rd3
Ke6 34. Ke3 Nc8 35. Kd4 Nd6 36. a4 f6 37. Rf3 Rd1+ 38. Rd3 Ra1 39. Re3 g5 40.
Kd3 g4 41. Kd4 Rc1 42. Re2 Rd1+ 43. Kc3 Rg1 44. Re3 Rxg3 45. Rxg3 Nxe4+ 46. Kc4
Nxg3 47. a5 Kd7 48. b4 Ne4 49. b5 Nd6+ 50. Kc5 Nxb5 0-1

[Event "1. liga V 18/19, Rychnov-Kromeriz"]
[Site ""]
[Date "2018.11.11"]
[Round "2.8"]
[White "Cagasik, Tomas"]
[Black "Martyniuk, Vladislav"]
[Result "1-0"]
[WhiteElo "2185"]
[BlackElo "1677"]
[PlyCount "0"]
[WhiteTeam "Slavia Kromeriz"]
[BlackTeam "Panda Rychnov n. K."]
[EventDate "2018.10.21"]

1. e4 e6 2. d4 d5 3. Bd3 b6 4. exd5 exd5 5. Nf3 Nf6 6. O-O Be7 7. Re1 O-O 8.
Bg5 h6 9. Bh4 Nbd7 10. Nc3 Bb7 11. Ne5 Re8 12. Bb5 c6 13. Bxc6 Qc7 14. Ba4 Nxe5
15. Bxe8 Neg4 16. Bg3 Qd8 17. Bb5 h5 18. h3 Nh6 19. Bh4 g6 20. Bxf6 Bxf6 21.
Re8+ 1-0

[Event "1. liga V 18/19, FM-Polabiny"]
[Site ""]
[Date "2018.11.11"]
[Round "2.1"]
[White "Rojicek, Vojtech"]
[Black "Varejcko, Josef"]
[Result "1-0"]
[WhiteElo "2387"]
[BlackElo "2242"]
[PlyCount "0"]
[WhiteTeam "BSS Frydek-Mistek "B""]
[BlackTeam "2222 SK Polabiny "C""]
[EventDate "2018.10.21"]

1. d4 Nf6 2. Nf3 c5 3. d5 g6 4. Nc3 Bg7 5. e4 d6 6. Bb5+ Nfd7 7. a4 O-O 8. O-O
b6 9. Re1 Ba6 10. Bf4 Bxb5 11. axb5 Ne5 12. Bxe5 dxe5 13. Qd3 Nd7 14. Nd2 f5
15. Nc4 f4 16. Ra6 g5 17. Rea1 g4 18. Rxa7 Rxa7 19. Rxa7 Rf6 20. d6 e6 21. Rxd7
Qxd7 22. Nxe5 Qd8 23. d7 Rf7 24. Nxf7 Kxf7 25. Qd6 f3 26. Na4 Bd4 27. c3 Qg5
28. d8=N+ Ke8 29. Qxe6+ Kxd8 30. Qd5+ 1-0

[Event "1. liga V 18/19, FM-Polabiny"]
[Site ""]
[Date "2018.11.11"]
[Round "2.2"]
[White "Jirasek, Pavel"]
[Black "Vesselovsky, Serguei"]
[Result "1/2-1/2"]
[WhiteElo "2236"]
[BlackElo "2328"]
[PlyCount "0"]
[WhiteTeam "2222 SK Polabiny "C""]
[BlackTeam "BSS Frydek-Mistek "B""]
[EventDate "2018.10.21"]

1. e4 c5 2. Nf3 d6 3. c3 Nf6 4. h3 Nbd7 5. Bd3 g6 6. O-O Bg7 7. Bc2 O-O 8. d4
Qc7 9. Re1 e6 10. Bf4 e5 11. Bg5 h6 12. Be3 a6 13. a4 b6 14. Na3 exd4 15. cxd4
Bb7 16. Bf4 cxd4 17. Rc1 Ne5 18. Nxd4 Qe7 19. Qd2 Kh7 20. Qb4 Nfd7 21. Nc4 Nxc4
22. Qxc4 Rfc8 23. Qb4 Bf8 24. Qd2 Rc5 25. Rcd1 Rac8 26. Bb1 Ne5 27. b3 Rc3 28.
Re3 Qc7 29. Ne2 Rxe3 30. Bxe3 Nd7 31. Rc1 Qd8 32. Rxc8 Qxc8 33. Bd4 Nc5 34. Qf4
Qe6 35. b4 Nd7 36. Bd3 Bg7 37. Bxg7 Kxg7 38. Nd4 Qe5 39. Qe3 Nf6 40. f4 Qe7 41.
b5 axb5 42. Nxb5 Nxe4 43. Bxe4 Qxe4 44. Qxe4 Bxe4 45. Nxd6 Bc6 46. Nc4 Bxa4 47.
Nxb6 1/2-1/2

[Event "1. liga V 18/19, FM-Polabiny"]
[Site ""]
[Date "2018.11.11"]
[Round "2.3"]
[White "Holeksa, Zdenek"]
[Black "Kourek, Josef"]
[Result "1/2-1/2"]
[WhiteElo "2238"]
[BlackElo "2098"]
[PlyCount "0"]
[WhiteTeam "BSS Frydek-Mistek "B""]
[BlackTeam "2222 SK Polabiny "C""]
[EventDate "2018.10.21"]

1. e4 c5 2. Nf3 d6 3. d4 cxd4 4. Nxd4 Nf6 5. Nc3 g6 6. Be3 Bg7 7. f3 Nc6 8. Qd2
O-O 9. O-O-O Nxd4 10. Bxd4 Be6 11. Kb1 Qc7 12. h4 Rfc8 13. h5 Qa5 14. hxg6 hxg6
15. a3 1/2-1/2

[Event "1. liga V 18/19, FM-Polabiny"]
[Site ""]
[Date "2018.11.11"]
[Round "2.5"]
[White "Weissmann, Lukas"]
[Black "Just, Pavel"]
[Result "1/2-1/2"]
[WhiteElo "2145"]
[BlackElo "1949"]
[PlyCount "0"]
[WhiteTeam "BSS Frydek-Mistek "B""]
[BlackTeam "2222 SK Polabiny "C""]
[EventDate "2018.10.21"]

1. e4 e5 2. Nf3 Nc6 3. d4 exd4 4. Nxd4 Bc5 5. Be3 Qf6 6. c3 Nge7 7. Bc4 O-O 8.
O-O Ne5 9. Be2 d6 10. f4 N5c6 11. Qd2 Ng6 12. Nxc6 Bxe3+ 13. Qxe3 bxc6 14. Nd2
Bd7 15. Bd3 Rfe8 16. Rae1 Rab8 17. Nb3 c5 18. Qg3 Qe7 19. e5 Qh4 20. Qxh4 Nxh4
21. g3 1/2-1/2

[Event "1. liga V 18/19, FM-Polabiny"]
[Site ""]
[Date "2018.11.11"]
[Round "2.6"]
[White "Jares, Michal"]
[Black "Taus, Martin"]
[Result "1/2-1/2"]
[WhiteElo "1931"]
[BlackElo "2102"]
[PlyCount "0"]
[WhiteTeam "2222 SK Polabiny "C""]
[BlackTeam "BSS Frydek-Mistek "B""]
[EventDate "2018.10.21"]

1. d4 d5 2. Nf3 Nc6 3. g3 Bg4 4. Bg2 Qd7 5. O-O Bh3 6. c4 Bxg2 7. Kxg2 dxc4 8.
Nc3 e6 9. Be3 Nf6 10. Qa4 Nb4 11. Qxd7+ Nxd7 12. Bf4 Bd6 13. Bxd6 cxd6 14. a3
Nd5 15. Nb5 Ke7 16. e4 a6 17. exd5 axb5 18. Rfe1 Kf6 19. Re4 g5 20. dxe6 fxe6
21. Rae1 Rae8 22. h4 h6 23. hxg5+ hxg5 24. Rg4 Rhg8 25. Rge4 d5 26. R4e3 Kf5
27. Nh2 e5 28. g4+ Kf6 29. Rf3+ Ke6 30. Rf5 e4 31. Nf3 Nf6 32. Nxg5+ Ke7 33. f3
Rg6 34. fxe4 dxe4 35. Nxe4 Rxg4+ 36. Ng3+ Kd8 37. Rxe8+ Nxe8 38. Rxb5 Nd6 39.
Rd5 Kc7 40. Kf3 Rg8 41. Rc5+ Kb8 42. Rd5 Kc7 43. Ne4 Nxe4 44. Kxe4 Rg2 45. Rc5+
Kd6 46. Rb5 Kc6 47. Rc5+ Kd6 48. Rxc4 Rxb2 49. Rb4 Ra2 50. a4 Ra3 51. Rc4 Ra1
52. Kd3 Ra3+ 53. Kc2 Kd5 54. Rb4 b6 55. Rxb6 1/2-1/2

[Event "1. liga V 18/19, FM-Polabiny"]
[Site ""]
[Date "2018.11.11"]
[Round "2.7"]
[White "Mica, Marek"]
[Black "Jirousek, Jan"]
[Result "1-0"]
[WhiteElo "2087"]
[BlackElo "1815"]
[PlyCount "0"]
[WhiteTeam "BSS Frydek-Mistek "B""]
[BlackTeam "2222 SK Polabiny "C""]
[EventDate "2018.10.21"]

1. d4 d5 2. c4 e6 3. Nf3 Nf6 4. Nc3 Nbd7 5. Bg5 c6 6. cxd5 exd5 7. e3 Be7 8.
Qc2 O-O 9. Bd3 Re8 10. O-O Nf8 11. Rab1 Ng6 12. b4 a6 13. a4 Bd6 14. b5 axb5
15. axb5 h6 16. bxc6 bxc6 17. Bxf6 Qxf6 18. Rb6 Bg4 19. Be2 Bxf3 20. Bxf3 Nh4
21. Qe2 g5 22. Bg4 Reb8 23. Rxb8+ Bxb8 24. g3 Nf5 25. Qf3 1-0

[Event "1. liga V 18/19, FM-Polabiny"]
[Site ""]
[Date "2018.11.11"]
[Round "2.8"]
[White "Brozka, Karel"]
[Black "Gnojek, Petr"]
[Result "0-1"]
[WhiteElo "1753"]
[BlackElo "2041"]
[PlyCount "0"]
[WhiteTeam "2222 SK Polabiny "C""]
[BlackTeam "BSS Frydek-Mistek "B""]
[EventDate "2018.10.21"]

1. d4 f5 2. Bf4 Nf6 3. e3 g6 4. Bd3 Bg7 5. c3 d6 6. Nf3 Nc6 7. Qc2 e6 8. h4 Qe7
9. Bg5 h6 10. Bxf6 Qxf6 11. Nbd2 Bd7 12. O-O-O O-O-O 13. e4 e5 14. d5 Ne7 15.
c4 f4 16. b4 c6 17. Nb3 cxd5 18. cxd5+ Kb8 19. Kb1 Bg4 20. b5 Rc8 21. Qb2 Qf8
22. Qa3 Qd8 23. Rc1 Bxf3 24. gxf3 Qb6 25. Qb4 Rxc1+ 26. Rxc1 Rc8 27. a4 Rxc1+
28. Kxc1 Nc8 29. Qd2 Bf6 30. a5 Qc7+ 31. Kd1 Bxh4 32. Ke2 Qd7 33. Qc2 Ne7 34.
Nd2 Qc7 35. Nc4 Qc5 36. Kf1 Nc8 37. Qb2 Bd8 38. Qb3 Qd4 39. Qa3 Bh4 40. Ke1
Qxf2+ 41. Kd1 Qxf3+ 42. Kc2 Qf2+ 43. Kb3 Qd4 44. Kc2 Be7 45. b6 axb6 46. axb6
Nxb6 47. Qb3 Nxc4 48. Bxc4 Qxe4+ 49. Bd3 Qg2+ 50. Kb1 e4 51. Ba6 Qg1+ 52. Ka2
Qa7 0-1

[Event "1. liga V 18/19, Trinec-Orlova"]
[Site ""]
[Date "2018.11.11"]
[Round "2.1"]
[White "Langner, Ladislav"]
[Black "Kislinsky, Alexey"]
[Result "1-0"]
[WhiteElo "2397"]
[BlackElo "2423"]
[PlyCount "0"]
[WhiteTeam "TZ Trinec"]
[BlackTeam "SK Slavia Orlova"]
[EventDate "2018.10.21"]

1. e4 c5 2. c3 d5 3. exd5 Qxd5 4. d4 Nc6 5. dxc5 Qxd1+ 6. Kxd1 Nf6 7. Be3 Ng4
8. Nd2 e5 9. b4 f5 10. h3 Nf6 11. g3 Nd5 12. Bc4 Nxc3+ 13. Kc2 Nd5 14. a3 Nxe3+
15. fxe3 Be7 16. Ne2 Bd7 17. Nc3 Rc8 18. Nd5 Bf8 19. Kb3 h5 20. Nf3 Rh6 21. a4
Rg6 22. Rhg1 Be6 23. a5 e4 24. Nd4 Bd7 25. Nf4 Rh6 26. a6 b5 27. Be2 g5 28.
Nxh5 Ne5 29. g4 f4 30. exf4 gxf4 31. Nxf4 Bg7 32. Nf5 Bxf5 33. gxf5 Kf7 34.
Bxb5 Rh4 35. Raf1 Bh6 36. Ne2 Rb8 37. Bc4+ Kf6 38. Nc3 Rxh3 39. Rh1 Rxh1 40.
Rxh1 Bf8 41. Nxe4+ Kxf5 42. Nd6+ Bxd6 43. cxd6 Rb6 44. Rf1+ Ke4 45. Re1+ Kf5
46. Rd1 Nd7 47. Bf1 Ke5 48. Bh3 Rxd6 49. Re1+ Kd5 50. Bg2+ Kd4 51. Re4+ Kd3 52.
Re7 Kd4 53. Re4+ Kd3 54. Rc4 Nb8 55. b5 Rb6 56. Bf1+ Kd2 57. Rb4 Ke1 58. Bc4
Kd2 59. Bf1 Ke1 60. Bc4 Kd2 61. Ka4 Kc3 62. Bf1 Nxa6 63. Rc4+ Kb2 64. Ka5 Nb8
65. Rc7 Rf6 66. Bd3 Rf3 67. Bc4 Rf4 68. Kb4 Rf6 69. Rh7 a6 70. Rh2+ Kb1 71. Kc3
Rf3+ 72. Bd3+ Rxd3+ 73. Kxd3 axb5 74. Kc3 Nc6 75. Rb2+ Kc1 76. Rxb5 Kd1 77. Kd3
Ke1 78. Ke3 Kf1 79. Rf5+ Kg2 80. Rg5+ Kh3 81. Ke4 Kh4 82. Rg7 Nb4 83. Rb7 Nc2
84. Rb2 Na3 85. Kd3 1-0

[Event "1. liga V 18/19, Trinec-Orlova"]
[Site ""]
[Date "2018.11.11"]
[Round "2.2"]
[White "Mrazek, Lumir"]
[Black "Szotkowski, Jakub"]
[Result "1-0"]
[WhiteElo "2357"]
[BlackElo "2353"]
[PlyCount "0"]
[WhiteTeam "SK Slavia Orlova"]
[BlackTeam "TZ Trinec"]
[EventDate "2018.10.21"]

1. e4 c6 2. d4 d5 3. f3 dxe4 4. fxe4 e5 5. Nf3 Nd7 6. Bc4 Bd6 7. O-O Ngf6 8.
dxe5 Nxe5 9. Nxe5 Qb6+ 10. Kh1 Bxe5 11. Bxf7+ Ke7 12. Bb3 Bg4 13. Qe1 Rad8 14.
Nc3 Qc7 15. Qh4 Rhf8 16. Bg5 h5 17. Be3 Kd7 18. Qg5 Kc8 19. Bf4 Nd7 20. Bxe5
Nxe5 21. h3 Nf3 22. gxf3 Bxf3+ 23. Rxf3 Rxf3 24. Be6+ Kb8 25. Rg1 Rd6 26. Bf5
g6 27. Qg2 Re3 28. Nd1 Rc3 1-0

[Event "1. liga V 18/19, Trinec-Orlova"]
[Site ""]
[Date "2018.11.11"]
[Round "2.3"]
[White "Chytilek, Roman"]
[Black "Nedela, Vlastimil"]
[Result "1/2-1/2"]
[WhiteElo "2334"]
[BlackElo "2311"]
[PlyCount "0"]
[WhiteTeam "TZ Trinec"]
[BlackTeam "SK Slavia Orlova"]
[EventDate "2018.10.21"]

1. d4 Nf6 2. Nf3 e6 3. g3 d5 4. Bg2 Be7 5. c4 O-O 6. O-O b6 7. cxd5 exd5 8. Nc3
Bb7 9. Ne5 c6 10. Bf4 Nbd7 11. Rc1 Nxe5 12. Bxe5 Re8 13. a3 Qd7 14. b4 Qf5 15.
Qc2 Qh5 16. Bxf6 Bxf6 17. e3 Re6 18. Qd1 Qxd1 19. Rfxd1 Be7 20. Rc2 Rd8 21. b5
a6 22. a4 Bb4 23. Rb1 Ba5 24. Na2 Kf8 25. Bf1 axb5 26. axb5 c5 27. dxc5 bxc5
28. Rxc5 Bb6 29. Rcc1 d4 30. exd4 Rxd4 31. Rb2 Red6 32. Nc3 Rd2 33. Rxd2 Rxd2
34. Nd1 Bf3 35. Ne3 Bxe3 36. fxe3 Rb2 37. Rc7 Bd5 38. g4 h6 39. h3 g6 40. Rd7
Be6 41. Rc7 Bd5 42. Rc5 Be6 43. e4 Ke7 44. e5 f5 45. exf6+ Kxf6 46. Bd3 Bd7 47.
Kf1 h5 48. g5+ Ke7 49. Bxg6 Bxb5+ 50. Kg1 Kd6 51. Rf5 Bd7 52. Rf3 h4 53. Be4
Ke5 54. Bd3 Bc6 55. Rf5+ Kd4 56. Bf1 Rb3 57. Rf4+ Ke5 58. Rg4 Bd7 59. Rxh4 Rg3+
60. Kf2 Rxg5 61. Rb4 Rf5+ 62. Kg1 Bc6 63. Be2 Rg5+ 64. Bg4 Bd7 65. Kf2 Bxg4 66.
hxg4 Kf6 67. Kf3 Kg7 68. Rb7+ Kg8 69. Kf4 Rg6 70. Kf5 Rc6 71. g5 Ra6 72. g6 Ra1
73. Kf6 1/2-1/2

[Event "1. liga V 18/19, Trinec-Orlova"]
[Site ""]
[Date "2018.11.11"]
[Round "2.4"]
[White "Olsarova, Karolina"]
[Black "Walek, Milan"]
[Result "1/2-1/2"]
[WhiteElo "2288"]
[BlackElo "2300"]
[PlyCount "0"]
[WhiteTeam "SK Slavia Orlova"]
[BlackTeam "TZ Trinec"]
[EventDate "2018.10.21"]

1. e4 c5 2. Nf3 Nc6 3. Bb5 g6 4. Bxc6 dxc6 5. d3 Bg7 6. h3 Nf6 7. Nc3 Nd7 8.
Be3 e5 9. Qd2 h6 10. O-O b6 11. a3 a5 12. Na4 Ba6 13. Rfe1 Bb5 14. Nc3 Ba6 15.
Na4 Bb5 16. Nc3 Ba6 17. Na4 1/2-1/2

[Event "1. liga V 18/19, Trinec-Orlova"]
[Site ""]
[Date "2018.11.11"]
[Round "2.5"]
[White "Sikorova, Olga"]
[Black "Zabystrzan, Pavel"]
[Result "1/2-1/2"]
[WhiteElo "2283"]
[BlackElo "2215"]
[PlyCount "0"]
[WhiteTeam "TZ Trinec"]
[BlackTeam "SK Slavia Orlova"]
[EventDate "2018.10.21"]

1. c4 Nf6 2. Nf3 c5 3. Nc3 e6 4. g3 b6 5. Bg2 Bb7 6. O-O Be7 7. b3 O-O 8. Bb2
d5 9. e3 Nbd7 10. d3 Qc7 11. Qe2 Rad8 12. h3 dxc4 13. bxc4 Bxf3 14. Bxf3 Ne5
15. Rfd1 Nxf3+ 16. Qxf3 Rd7 17. Nb5 Qb7 18. Qxb7 Rxb7 19. Bxf6 Bxf6 20. Rab1
Rd7 21. Kf1 a6 22. Na3 Rb8 23. Rb3 Rdb7 24. Rdb1 Be7 25. Nc2 b5 26. cxb5 axb5
27. Na3 b4 28. Nc4 Ra7 29. a3 Rba8 30. axb4 cxb4 31. d4 f6 32. Ke2 Rc7 33. Nd2
Kf7 34. Kd1 f5 35. Rc1 Rca7 36. Nc4 Kf6 37. Nb6 Rb8 38. Nc8 Ra2 39. Nxe7 Kxe7
40. Rc2 Ra1+ 41. Ke2 Kd6 42. Rcb2 Ra4 43. Kd3 Kd5 44. f3 h5 45. h4 Ra1 46. e4+
fxe4+ 47. fxe4+ Kd6 48. Rb1 Rba8 49. Rxb4 Rxb1 50. Rxb1 Ra3+ 51. Kc4 Rxg3 52.
e5+ Kc6 53. Ra1 g5 54. hxg5 Rxg5 55. Ra6+ Kd7 56. Ra7+ Kc6 57. Re7 Rg6 58. Rh7
Rg1 59. Rxh5 Rc1+ 60. Kd3 Kd5 61. Rh8 Rd1+ 62. Ke3 Re1+ 63. Kd3 Rd1+ 64. Kc3
Ke4 65. Rd8 Rc1+ 66. Kb4 Rc7 67. Kb5 Rc1 68. Rd6 Rc2 69. Kb6 Rc4 70. Rxe6 Rxd4
71. Re8 Rc4 72. e6 Ke5 73. e7 Ke6 74. Rh8 1/2-1/2

[Event "1. liga V 18/19, Trinec-Orlova"]
[Site ""]
[Date "2018.11.11"]
[Round "2.6"]
[White "Lojek, Marek"]
[Black "Sikora, Jan"]
[Result "1/2-1/2"]
[WhiteElo "2223"]
[BlackElo "2176"]
[PlyCount "0"]
[WhiteTeam "SK Slavia Orlova"]
[BlackTeam "TZ Trinec"]
[EventDate "2018.10.21"]

1. e4 c5 2. c3 d5 3. exd5 Qxd5 4. d4 cxd4 5. cxd4 e5 6. Nf3 exd4 7. Qxd4 Qe6+
8. Be3 Nc6 9. Bb5 Bd7 10. Bxc6 Bxc6 11. Nbd2 Ne7 12. O-O Nf5 13. Qc3 Nxe3 14.
Rfe1 O-O-O 15. Rxe3 Qd5 16. Nb3 f6 17. Nbd4 Bc5 18. Nxc6 Qxc6 19. Rc1 Rd5 20.
Ree1 Kb8 21. b4 Bd6 22. Qxc6 bxc6 23. Rxc6 Rc8 24. Rxc8+ Kxc8 25. a3 Rd3 26.
Re3 Rd1+ 27. Re1 Rd3 28. Re3 Rd1+ 29. Re1 1/2-1/2

[Event "1. liga V 18/19, Trinec-Orlova"]
[Site ""]
[Date "2018.11.11"]
[Round "2.7"]
[White "Fargac, Martin"]
[Black "Kubos, Rostislav"]
[Result "1/2-1/2"]
[WhiteElo "2244"]
[BlackElo "2172"]
[PlyCount "0"]
[WhiteTeam "TZ Trinec"]
[BlackTeam "SK Slavia Orlova"]
[EventDate "2018.10.21"]

1. d4 Nf6 2. c3 e6 3. Bg5 c5 4. Nd2 h6 5. Bh4 Nc6 6. e3 d5 7. Ngf3 Be7 8. Ne5
Nxe5 9. dxe5 Nd7 10. Bg3 O-O 11. Be2 Qb6 12. Qc2 a5 13. O-O Qc7 14. f4 b6 15.
e4 Bb7 16. exd5 Bxd5 17. c4 Bb7 18. Ne4 f5 19. exf6 Nxf6 20. Bf3 Nxe4 21. Bxe4
Bf6 22. Rae1 Rae8 23. b3 Bd4+ 24. Kh1 Bxe4 25. Rxe4 Qf7 26. Qe2 Qf5 27. h3 Qg6
28. Qf3 Rf5 29. Bh2 Ref8 30. g4 R5f7 31. Rfe1 e5 32. f5 Qc6 33. Qg2 g6 34. Bxe5
Bxe5 35. Rxe5 Qxg2+ 36. Kxg2 gxf5 37. Rxf5 Rxf5 38. gxf5 Rxf5 39. Re6 Rg5+ 40.
Kf3 h5 41. Kf4 Rg2 42. a4 h4 43. Rxb6 Rg3 44. Rb5 Rxh3 45. Kg4 Rc3 46. Kxh4 Kf7
47. Kg5 Ke6 48. Kf4 Kd6 49. Rxa5 Rxb3 50. Ra6+ Kc7 51. Ke4 Kb7 52. Ra5 Kc6 53.
Ra6+ Kb7 54. Rg6 Rb4 55. Kd5 Rxa4 56. Rg7+ Kb6 57. Rg1 Kc7 58. Rb1 Ra6 59. Rg1
Rh6 60. Kxc5 Rh5+ 61. Kb4 Rh6 62. Rg7+ Kb6 63. Rg8 Kb7 64. Kb5 Rb6+ 65. Kc5
Rc6+ 66. Kd5 Rh6 67. Rg7+ Kc8 68. c5 Rf6 69. Kc4 Rh6 70. Kb5 Rf6 71. Ra7 Rh6
72. Ra8+ Kb7 73. Re8 Kc7 74. Re7+ Kc8 75. Rg7 Rf6 76. Re7 Rh6 77. Ka5 Rg6 78.
Re2 Kc7 79. Rb2 Rh6 80. Kb5 Rg6 81. Rh2 Rf6 82. Rh7+ Kc8 83. Kc4 Rg6 84. Re7
Rh6 85. Rg7 Rh4+ 86. Kb5 Rh6 87. Re7 Rf6 88. Kc4 Rh6 89. Kd5 Rg6 90. Re6 Rxe6
91. Kxe6 1/2-1/2

[Event "1. liga V 18/19, Trinec-Orlova"]
[Site ""]
[Date "2018.11.11"]
[Round "2.8"]
[White "Kostka, Vit"]
[Black "Pilch, Roman"]
[Result "1/2-1/2"]
[WhiteElo "2146"]
[BlackElo "2138"]
[PlyCount "0"]
[WhiteTeam "SK Slavia Orlova"]
[BlackTeam "TZ Trinec"]
[EventDate "2018.10.21"]

1. e4 c5 2. Nf3 e6 3. c4 Qc7 4. Nc3 a6 5. Be2 d6 6. d4 cxd4 7. Nxd4 Nf6 8. O-O
b6 9. Be3 Bb7 10. f3 Be7 11. Qd2 Nbd7 12. Rac1 O-O 13. Rfd1 Rac8 14. Bf1 Rfe8
15. Qf2 Qb8 16. Nb3 Bd8 17. Kh1 Bc7 18. g4 Nc5 19. Nxc5 dxc5 20. Ne2 Rcd8 21.
Ng3 Rxd1 22. Rxd1 Rd8 23. Rxd8+ Qxd8 1/2-1/2

[Event "1. liga V 18/19, Orlova-Jundrov"]
[Site ""]
[Date "2018.11.25"]
[Round "3.1"]
[White "Nedela, Vlastimil"]
[Black "Bures, Jaroslav"]
[Result "1-0"]
[WhiteElo "2311"]
[BlackElo "2395"]
[PlyCount "0"]
[WhiteTeam "SK Slavia Orlova"]
[BlackTeam "Jezdci Jundrov"]
[EventDate "2018.10.21"]

1. e4 e6 2. Qe2 c5 3. Nf3 Nc6 4. g3 Nge7 5. Bg2 d5 6. d3 h6 7. h4 b5 8. O-O Qb6
9. Nbd2 a5 10. Re1 a4 11. exd5 exd5 12. Ne5 Nd4 13. Qd1 Be6 14. c3 Ndf5 15. c4
Rd8 16. cxb5 Qxb5 17. Nb1 d4 18. Na3 Qa6 19. h5 Nd5 20. Qe2 Be7 21. Ng6 fxg6
22. Qxe6 Rd6 23. Qe5 Nb4 24. Nc4 Nxd3 25. Nxd6+ Qxd6 26. Qxd6 Nxd6 27. Rd1 Nb4
28. Bd2 Nc2 29. Rac1 d3 30. Bc6+ Kf7 31. Bc3 c4 32. hxg6+ Kxg6 33. Bxa4 Ne4 34.
Rxc2 Bc5 35. Kg2 1-0

[Event "1. liga V 18/19, Orlova-Jundrov"]
[Site ""]
[Date "2018.11.25"]
[Round "3.2"]
[White "Pisk, Petr"]
[Black "Olsarova, Karolina"]
[Result "1-0"]
[WhiteElo "2324"]
[BlackElo "2288"]
[PlyCount "0"]
[WhiteTeam "Jezdci Jundrov"]
[BlackTeam "SK Slavia Orlova"]
[EventDate "2018.10.21"]

1. d4 Nf6 2. Bg5 d5 3. Nf3 c6 4. e3 Bf5 5. Bxf6 exf6 6. Bd3 Bxd3 7. Qxd3 g6 8.
O-O f5 9. c4 dxc4 10. Qxc4 Bd6 11. Nc3 O-O 12. e4 b5 13. Qd3 b4 14. Na4 fxe4
15. Qxe4 Re8 16. Qc2 a5 17. Rfe1 Ra7 18. Rxe8+ Qxe8 19. Re1 Re7 20. Rxe7 Qxe7
21. Kf1 Qb7 22. Qe2 Nd7 23. b3 Nf6 24. Ne5 Nd5 25. Nc4 Qc7 26. Qe8+ Kg7 27. g3
Ne7 28. Kg2 Nf5 29. Qe4 h5 30. Kf3 Be7 31. Qe5+ Qxe5 32. dxe5 Bd8 33. Ke4 Kf8
34. Nc5 Bc7 35. Nb7 Ke7 36. Nbxa5 Kd7 37. Nb7 Nh6 38. Nc5+ Kc8 39. Nd3 Ng4 40.
h3 f5+ 41. Kf4 Nf6 42. Kg5 1-0

[Event "1. liga V 18/19, Orlova-Jundrov"]
[Site ""]
[Date "2018.11.25"]
[Round "3.3"]
[White "Tomaszewski, Kacper"]
[Black "Pakosta, Miroslav"]
[Result "1-0"]
[WhiteElo "2248"]
[BlackElo "2174"]
[PlyCount "0"]
[WhiteTeam "SK Slavia Orlova"]
[BlackTeam "Jezdci Jundrov"]
[EventDate "2018.10.21"]

1. d4 c5 2. d5 f5 3. Nc3 Nf6 4. g3 d6 5. Bg2 Na6 6. Nh3 g6 7. Nf4 Nc7 8. h4 Rb8
9. a4 e5 10. dxe6 Nxe6 11. O-O a6 12. Re1 Be7 13. Nfd5 O-O 14. Nxe7+ Qxe7 15.
e4 fxe4 16. Nxe4 Nxe4 17. Rxe4 b5 18. axb5 Rxb5 19. c4 Rb6 20. Bh6 Re8 21. Re2
Qf6 22. Qa4 Re7 23. Rae1 Rxb2 24. Bd5 Rxe2 25. Rxe2 Qf7 26. Qc6 Kh8 27. Qxc8+
1-0

[Event "1. liga V 18/19, Orlova-Jundrov"]
[Site ""]
[Date "2018.11.25"]
[Round "3.4"]
[White "Musil, Jiri"]
[Black "Zabystrzan, Pavel"]
[Result "1/2-1/2"]
[WhiteElo "2185"]
[BlackElo "2215"]
[PlyCount "0"]
[WhiteTeam "Jezdci Jundrov"]
[BlackTeam "SK Slavia Orlova"]
[EventDate "2018.10.21"]

1. d4 Nf6 2. c4 c5 3. d5 b5 4. Nd2 d6 5. e4 bxc4 6. Bxc4 g6 7. b3 Bg7 8. Bb2
O-O 9. Ngf3 Ba6 10. Qe2 Bxc4 11. Nxc4 a5 12. O-O a4 1/2-1/2

[Event "1. liga V 18/19, Orlova-Jundrov"]
[Site ""]
[Date "2018.11.25"]
[Round "3.5"]
[White "Lojek, Marek"]
[Black "Hosek, Martin"]
[Result "0-1"]
[WhiteElo "2223"]
[BlackElo "2141"]
[PlyCount "0"]
[WhiteTeam "SK Slavia Orlova"]
[BlackTeam "Jezdci Jundrov"]
[EventDate "2018.10.21"]

1. e4 Nf6 2. e5 Nd5 3. d4 d6 4. c4 Nb6 5. exd6 cxd6 6. Nc3 g6 7. Be3 Bg7 8. Rc1
O-O 9. b3 e5 10. dxe5 dxe5 11. Qxd8 Rxd8 12. Nb5 Nc6 13. Nxa7 Nd4 14. Nxc8
Rdxc8 15. Bxd4 exd4 16. a4 Re8+ 17. Kd1 Nd7 18. Kc2 Nc5 19. Bd3 Na6 20. Kb1 Nb4
21. Be2 d3 22. Bf3 d2 23. Rd1 Rad8 24. Bd5 Nxd5 25. cxd5 Rxd5 26. Nf3 Re2 27.
Kc2 Rxf2 28. Rhf1 Rxg2 29. b4 f5 30. h4 Rg4 31. Rb1 Rc4+ 32. Kd1 Bc3 33. Ke2
Re4+ 34. Kf2 Bxb4 35. Rfd1 Rd3 36. Rf1 Bc5+ 37. Kg2 Re2+ 38. Kh3 Bd6 0-1

[Event "1. liga V 18/19, Orlova-Jundrov"]
[Site ""]
[Date "2018.11.25"]
[Round "3.6"]
[White "Skacelik, Petr"]
[Black "Kubos, Rostislav"]
[Result "1/2-1/2"]
[WhiteElo "2183"]
[BlackElo "2172"]
[PlyCount "0"]
[WhiteTeam "Jezdci Jundrov"]
[BlackTeam "SK Slavia Orlova"]
[EventDate "2018.10.21"]

1. d4 Nf6 2. c4 g6 3. Nc3 d5 4. Bg5 Ne4 5. Bh4 Nxc3 6. bxc3 c6 7. e3 Bg7 8. Bd3
O-O 9. Nf3 Nd7 10. O-O dxc4 11. Bxc4 b5 12. Bd3 Bb7 13. a4 a6 14. Qb3 Nc5 15.
dxc5 Qxd3 16. Bxe7 Rfe8 17. Bd6 Qxc3 18. Qa2 Qb2 19. Rfd1 Qxa2 20. Rxa2 Re4 21.
Nd4 bxa4 22. Rxa4 Bxd4 23. Rdxd4 Rxd4 24. exd4 Bc8 1/2-1/2